| 000 | 00613nam a2200193 a 4500 | ||
|---|---|---|---|
| 005 | 20240919064435.0 | ||
| 008 | 991125s1970 new 000 0 eng u | ||
| 035 | _aUPN01000016894 | ||
| 049 | _aCG | ||
| 050 | 4 |
_aHB71 _bW6.4 |
|
| 100 | 1 | _aWonnacott, Ronald J. | |
| 245 | 1 | 0 |
_aEconometrics / _cRonald J. Wonnacott, Thomas H. Wonnacott. |
| 260 |
_aNew York : _bJ. Wiley, _c1970. |
||
| 300 | _a445 p | ||
| 440 | 0 | _aWiley series in probability and mathematical statistics. Applied probability and statistics | |
| 650 | 4 |
_aEconomÃa matemática _914138 |
|
| 700 | 1 |
_aWonnacott, Thomas H., _ecoaut. |
|
| 905 | _aLibro | ||
| 999 |
_c16894 _d16894 |
||